[Event "DVM U14w 2016"]
[Site "Düsseldorf GER"]
[Date "2016.12.29"]
[Round "6"]
[White "Shevchenko, Alyona"]
[Black "Manus, Julia"]
[Result "1-0"]
[Termination "normal"]
[Board "6.3"]
[WhiteElo "1033"]
[BlackElo "969"]
[WhiteTeam "Karlsruher SF"]
[BlackTeam "SV Hemer"]
[PlyCount "127"]
[WhiteFideId "12983420"]
[BlackFideId "16234979"]
[EventCountry "GER"]
[EventRounds "7"]
[EventType "team-swiss"]
[EventDate "2016.12.26"]

1. e4 {[%emt 0:00:00]} e5 2. Nf3 Nf6 3. Nc3 Bb4 4. Nxe5 d6 5. Nf3 O-O 6. d3 c5
7. a3 Ba5 8. Bg5 Nc6 9. Be2 Re8 10. O-O h6 11. Bh4 Bxc3 12. bxc3 Be6 13. d4 Bg4
14. h3 Bh5 15. Re1 Rxe4 16. dxc5 Bxf3 17. Bxf6 Bxe2 18. Bxd8 Bxd1 19. Rxe4 Bxc2
20. Re2 Rxd8 21. Rxc2 dxc5 22. Re1 Kf8 23. f3 f6 24. Kf2 Ne5 25. Kg3 b5 26.
Ree2 Kf7 27. Red2 Rxd2 28. Rxd2 Ke6 29. Rd8 Nc6 30. Rc8 Kd5 31. Kf4 a5 32. Ke3
Ne5 33. Ra8 a4 34. Rd8+ Kc4 35. Kd2 b4 36. axb4 cxb4 37. Rd4+ Kb3 38. Rxb4+ Ka3
39. Rb8 Ka2 40. f4 Nc4+ 41. Kc2 a3 42. Rb1 Nd2 43. Rd1 Nc4 44. Re1 f5 45. g3 g5
46. fxg5 hxg5 47. h4 f4 48. gxf4 gxf4 49. Re4 Ne3+ 50. Kd3 Nd5 51. Rd4 Nb6 52.
Rxf4 Kb3 53. Rb4+ Ka2 54. Rxb6 Ka1 55. h5 a2 56. Ra6 Kb2 57. h6 Kb1 58. h7 a1=N
59. Rxa1+ Kxa1 60. h8=Q Ka2 61. Qb8 Ka3 62. c4 Ka2 63. Kc3 Ka1 64. Qb2# 1-0

[Event "DVM U14w 2016"]
[Site "Düsseldorf GER"]
[Date "2016.12.29"]
[Round "6"]
[White "Drees, Kim"]
[Black "Eichhorn, Elisabeth"]
[Result "1-0"]
[Termination "normal"]
[Board "6.4"]
[WhiteElo "1016"]
[BlackElo "1116"]
[WhiteTeam "SV Hemer"]
[BlackTeam "Karlsruher SF"]
[PlyCount "43"]
[WhiteFideId "16235339"]
[BlackFideId "16235070"]
[EventCountry "GER"]
[EventRounds "7"]
[EventType "team-swiss"]
[EventDate "2016.12.26"]

1. e4 c5 2. Nc3 Nc6 3. g3 g6 4. Bg2 Bg7 5. d3 Nf6 6. f4 d6 7. h3 Qa5 8. Bd2 Nd7
9. Nf3 O-O 10. O-O b5 11. Nd5 b4 12. c3 bxc3 13. Bxc3 Bxc3 14. Nxc3 Rb8 15. Rb1
Ba6 16. Qd2 Nd4 17. f5 Ne5 18. Nxe5 dxe5 19. f6 e6 20. Qh6 Nf5 21. exf5 exf5
22. Qg7# 1-0

[Event "DVM U14w 2016"]
[Site "Düsseldorf GER"]
[Date "2016.12.29"]
[Round "6"]
[White "Bohrer, Katharina"]
[Black "Gauchel, Verena"]
[Result "0-1"]
[Termination "normal"]
[Board "7.1"]
[WhiteElo "1144"]
[BlackElo "1544"]
[WhiteTeam "SF Konz-Karthaus"]
[BlackTeam "SC Ammersee"]
[PlyCount "100"]
[WhiteFideId "16225457"]
[BlackFideId "12988537"]
[EventCountry "GER"]
[EventRounds "7"]
[EventType "team-swiss"]
[EventDate "2016.12.26"]

1. d4 Nf6 2. Nf3 g6 3. e3 Bg7 4. Bd3 O-O 5. O-O d6 6. Nbd2 Bg4 7. h3 Bxf3 8.
Nxf3 Nbd7 9. c3 c5 10. Re1 Rc8 11. b3 cxd4 12. cxd4 Nb6 13. Bb2 Qd7 14. e4 Rc7
15. Rb1 Rfc8 16. e5 Nfd5 17. Rc1 Nb4 18. Ng5 dxe5 19. a3 Rxc1 20. Bxc1 Rxc1 21.
Qxc1 Nxd3 22. Qd2 Nxe1 23. Qxe1 exd4 24. Qd2 Bh6 25. f4 Bxg5 26. fxg5 f6 27.
gxf6 exf6 28. Qd3 Nc8 29. Qc4+ Kg7 30. Qd3 Ne7 31. a4 Nc6 32. Qd2 d3 33. Kh1 b6
34. Kg1 Na5 35. b4 Qd4+ 36. Kh2 Nc4 37. Qe1 Qe5+ 38. Qxe5 Nxe5 39. b5 d2 40.
Kg1 d1=Q+ 41. Kh2 Qxa4 42. Kg1 Qxb5 43. Kh2 a5 44. h4 a4 45. g3 a3 46. Kh3 a2
47. Kh2 Qe2+ 48. Kh3 a1=Q 49. g4 Qh1+ 50. Kg3 Qhf3# 0-1

[Event "DVM U14w 2016"]
[Site "Düsseldorf GER"]
[Date "2016.12.29"]
[Round "6"]
[White "Heinze, Sabrina"]
[Black "Biermann, Sophie"]
[Result "0-1"]
[Termination "normal"]
[Board "7.2"]
[WhiteElo "1333"]
[BlackElo "1186"]
[WhiteTeam "SC Ammersee"]
[BlackTeam "SF Konz-Karthaus"]
[PlyCount "128"]
[WhiteFideId "12981737"]
[BlackFideId "16208960"]
[EventCountry "GER"]
[EventRounds "7"]
[EventType "team-swiss"]
[EventDate "2016.12.26"]

1. d4 d5 2. c4 c6 3. Nc3 Nf6 4. e3 e6 5. Bd3 dxc4 6. Bxc4 b5 7. Bd3 a6 8. Nf3
Bb7 9. b3 Bb4 10. Bd2 Nbd7 11. O-O c5 12. Bc2 O-O 13. a3 Ba5 14. dxc5 Bxc3 15.
Bxc3 Bxf3 16. Qxf3 Nxc5 17. Bxf6 Qxf6 18. Qxf6 gxf6 19. b4 Nb7 20. Rfd1 Rac8
21. Be4 Rc7 22. Rd2 Rfc8 23. h3 f5 24. Bf3 a5 25. Rad1 axb4 26. axb4 e5 27. Rd7
e4 28. Be2 Rxd7 29. Rxd7 Nd8 30. Bxb5 Ne6 31. Ra7 Rc1+ 32. Kh2 Rc2 33. Kg3 Rc3
34. Rd7 f4+ 35. Kh2 fxe3 36. fxe3 Rxe3 37. Bc4 Rc3 38. Bxe6 fxe6 39. b5 Rb3 40.
Rd4 Rxb5 41. Rxe4 Kf7 42. Kg3 Kf6 43. Kf4 e5+ 44. Kg4 Rd5 45. g3 Ke6 46. Kf3
Rd3+ 47. Re3 Rd4 48. Re4 Kd5 49. Re3 h6 50. g4 Rf4+ 51. Ke2 Re4 52. Kf3 Rd4 53.
h4 Rf4+ 54. Kg3 Kd4 55. Rf3 Rxf3+ 56. Kxf3 Kd3 57. Kf2 Ke4 58. g5 hxg5 59. hxg5
Kf5 60. g6 Kxg6 61. Ke1 Kf5 62. Ke2 Ke4 63. Kd1 Ke3 64. Ke1 e4 0-1

[Event "DVM U14w 2016"]
[Site "Düsseldorf GER"]
[Date "2016.12.29"]
[Round "6"]
[White "Schilz, Tabea"]
[Black "Karlinger De la Quintana, Ainhoa"]
[Result "0-1"]
[Termination "normal"]
[Board "7.3"]
[WhiteElo "1088"]
[BlackElo "1064"]
[WhiteTeam "SF Konz-Karthaus"]
[BlackTeam "SC Ammersee"]
[PlyCount "150"]
[WhiteFideId "16235312"]
[BlackFideId "16217268"]
[EventCountry "GER"]
[EventRounds "7"]
[EventType "team-swiss"]
[EventDate "2016.12.26"]

1. e4 {[%emt 0:00:00]} g6 2. d4 Bg7 3. Nf3 c5 4. c3 cxd4 5. cxd4 d6 6. Nc3 Nf6
7. Bf4 O-O 8. Bc4 Nc6 9. O-O Bg4 10. h3 Bxf3 11. Qxf3 Nxd4 12. Qd3 Nc6 13. Nd5
Nh5 14. Be3 e6 15. Nf4 Ne5 16. Qb3 Nxc4 17. Qxc4 Rc8 18. Qb3 Nxf4 19. Bxf4 Qd7
20. Rfd1 e5 21. Be3 b6 22. Rac1 Rc6 23. Qd5 Rfc8 24. Rxc6 Rxc6 25. Qb5 Rc7 26.
Qxd7 Rxd7 27. Rc1 Rd8 28. Rc7 a6 29. Bxb6 Rb8 30. Rc6 Bf8 31. Be3 Rxb2 32. Rc8
Kg7 33. f4 Re2 34. Rc3 Rxa2 35. Rc6 Ra4 36. fxe5 dxe5 37. Bd2 Ra2 38. Bc3 f6
39. Rc7+ Kg8 40. Rc6 Rc2 41. Kf1 Bb4 42. Rc8+ Kg7 43. Rc7+ Kh6 44. Ke1 Rxc3 45.
Rxc3 Bxc3+ 46. Kd1 Kg5 47. Kc2 Bd4 48. Kb3 Kf4 49. Kb4 Kxe4 50. Ka5 Ke3 51.
Kxa6 Kf2 52. g4 e4 53. Kb5 e3 54. Kc4 e2 55. Kxd4 e1=Q 56. h4 Qe2 57. g5 fxg5
58. hxg5 Qb5 59. Ke4 Qf5+ 60. Kd4 Qe6 61. Kc5 Qd7 62. Kc4 Ke3 63. Kc5 Qd4+ 64.
Kc6 Qe5 65. Kd7 Kd4 66. Kc6 Qc5+ 67. Kd7 Qb6 68. Ke7 Ke5 69. Kf7 Qe6+ 70. Kg7
Qe7+ 71. Kh6 Qf8+ 72. Kxh7 Ke6 73. Kxg6 Qf7+ 74. Kh6 Kf5 75. g6 Qxg6# 0-1

[Event "DVM U14w 2016"]
[Site "Düsseldorf GER"]
[Date "2016.12.29"]
[Round "6"]
[White "Heinze, Vanessa"]
[Black "Schilz, Luna"]
[Result "0-1"]
[Termination "normal"]
[Board "7.4"]
[WhiteElo "783"]
[BlackElo "1110"]
[WhiteTeam "SC Ammersee"]
[BlackTeam "SF Konz-Karthaus"]
[PlyCount "72"]
[WhiteFideId "16208412"]
[BlackFideId "16235320"]
[EventCountry "GER"]
[EventRounds "7"]
[EventType "team-swiss"]
[EventDate "2016.12.26"]

1. e4 e5 2. Nf3 Nc6 3. Bc4 Bc5 4. Nc3 d6 5. h3 Nf6 6. d3 h6 7. Be3 Nd4 8. Bxd4
exd4 9. Ne2 Bb4+ 10. c3 dxc3 11. bxc3 Ba5 12. O-O O-O 13. Qd2 d5 14. exd5 Nxd5
15. Ned4 Bxc3 16. Qd1 Bxa1 17. Qxa1 Nf4 18. Qc1 Qf6 19. Re1 Be6 20. Nxe6 fxe6
21. Re3 Qg6 22. g3 Nxh3+ 23. Kg2 Ng5 24. Nxg5 Qxg5 25. Bxe6+ Kh7 26. Qxc7 Rab8
27. Re4 Qf6 28. f4 Kh8 29. Bc4 g5 30. Kf3 gxf4 31. Rxf4 Qg7 32. Bd5 Qxc7 33. d4
Rxf4+ 34. gxf4 Rf8 35. f5 Rxf5+ 36. Ke3 Rxd5 0-1

[Event "DVM U14w 2016"]
[Site "Düsseldorf GER"]
[Date "2016.12.29"]
[Round "6"]
[White "Kalina, Lena"]
[Black "Kohl, Natalie"]
[Result "1/2-1/2"]
[Termination "normal"]
[Board "8.1"]
[WhiteElo "1410"]
[BlackElo "1448"]
[WhiteTeam "SC Landskrone"]
[BlackTeam "Meuselwitzer SV"]
[PlyCount "58"]
[WhiteFideId "12988014"]
[BlackFideId "12967408"]
[EventCountry "GER"]
[EventRounds "7"]
[EventType "team-swiss"]
[EventDate "2016.12.26"]

1. d4 Nf6 2. Nf3 e6 3. c4 b6 4. Nc3 Bb7 5. Bg5 Be7 6. e3 O-O 7. Bd3 c5 8. O-O
d6 9. Qe2 Nc6 10. Rfd1 Qd7 11. Bxf6 Bxf6 12. Rac1 Kh8 13. dxc5 bxc5 14. Ne4 Ne5
15. Nxe5 Bxe5 16. Nxc5 dxc5 17. Qh5 Bxh2+ 18. Qxh2 h6 19. Be4 Qe7 20. Bxb7 Qxb7
21. b3 Rfd8 22. Qe5 Qc6 23. Qc3 Rxd1+ 24. Rxd1 Rb8 25. Qc2 Qc7 26. Rd3 f5 27.
Qd2 Qe5 28. Rd7 Ra8 29. Qe2 Qa1+ 1/2-1/2

[Event "DVM U14w 2016"]
[Site "Düsseldorf GER"]
[Date "2016.12.29"]
[Round "6"]
[White "Neumann, Tina"]
[Black "Yukelson, Tamar"]
[Result "1/2-1/2"]
[Termination "normal"]
[Board "8.2"]
[WhiteElo "1516"]
[BlackElo "1417"]
[WhiteTeam "Meuselwitzer SV"]
[BlackTeam "SC Landskrone"]
[PlyCount "52"]
[WhiteFideId "16212371"]
[BlackFideId "12964069"]
[EventCountry "GER"]
[EventRounds "7"]
[EventType "team-swiss"]
[EventDate "2016.12.26"]

1. e4 c6 2. Nc3 d5 3. Nf3 dxe4 4. Nxe4 Bf5 5. Ng3 Bg4 6. Be2 Bxf3 7. Bxf3 Nf6
8. d4 e6 9. O-O Bd6 10. Ne4 Be7 11. c3 O-O 12. Be3 Nbd7 13. Qc2 e5 14. Rad1 Qc7
15. Rfe1 h6 16. Nxf6+ Bxf6 17. Bg4 exd4 18. Bxd4 Bxd4 19. Rxd4 Nf6 20. Bf3 Rfe8
21. Rxe8+ Rxe8 22. Qc1 Qe5 23. Rd1 Qe7 24. g3 Rd8 25. Rxd8+ Qxd8 26. Qe3 a6
1/2-1/2

[Event "DVM U14w 2016"]
[Site "Düsseldorf GER"]
[Date "2016.12.29"]
[Round "6"]
[White "Dittenberger, Svenja"]
[Black "Meyer, Jessica"]
[Result "0-1"]
[Termination "normal"]
[Board "8.3"]
[WhiteElo "1190"]
[BlackElo "1402"]
[WhiteTeam "SC Landskrone"]
[BlackTeam "Meuselwitzer SV"]
[PlyCount "84"]
[WhiteFideId "12996262"]
[BlackFideId "16230019"]
[EventCountry "GER"]
[EventRounds "7"]
[EventType "team-swiss"]
[EventDate "2016.12.26"]

1. e4 c5 2. Nf3 d6 3. Nc3 Nc6 4. d4 cxd4 5. Nxd4 e6 6. Bc4 Be7 7. Bd2 Nf6 8.
Nxc6 bxc6 9. h3 O-O 10. O-O d5 11. exd5 cxd5 12. Bd3 Bb7 13. Re1 Qc7 14. Nb5
Qc6 15. Nd4 Qb6 16. Nb3 Rfd8 17. c3 Rac8 18. Be3 Qc6 19. Bxa7 d4 20. f3 dxc3
21. bxc3 Qxc3 22. Rc1 Qxd3 23. Qxd3 Rxd3 24. Rxc8+ Bxc8 25. Rc1 Rd8 26. Bb6 Ba3
27. Rc3 Rd1+ 28. Kf2 Bb7 29. Na5 Bb4 30. Rb3 Bxa5 31. Bxa5 Rd7 32. a3 g6 33.
Bd8 Rxd8 34. Rxb7 Ra8 35. Rb3 Ne8 36. Kg3 Nd6 37. h4 Nc4 38. a4 Rxa4 39. Rb8+
Kg7 40. Rb7 Nd6 41. Rd7 Nf5+ 42. Kh3 Rxh4# 0-1

[Event "DVM U14w 2016"]
[Site "Düsseldorf GER"]
[Date "2016.12.29"]
[Round "6"]
[White "Schneider, Xenia"]
[Black "Schubert, Arlene"]
[Result "1-0"]
[Termination "normal"]
[Board "9.1"]
[WhiteElo "1342"]
[BlackElo "1168"]
[WhiteTeam "SK Endingen"]
[BlackTeam "SC Annaberg-Buchholz"]
[PlyCount "115"]
[WhiteFideId "12911984"]
[BlackFideId "16220951"]
[EventCountry "GER"]
[EventRounds "7"]
[EventType "team-swiss"]
[EventDate "2016.12.26"]

1. e4 c5 2. Nf3 d6 3. Bb5+ Bd7 4. Bxd7+ Nxd7 5. O-O Ngf6 6. Nc3 e5 7. d3 Be7 8.
h3 O-O 9. Nh2 Nb6 10. f4 exf4 11. Bxf4 Qd7 12. a4 a5 13. e5 dxe5 14. Bxe5 Nfd5
15. Qf3 f6 16. Bf4 Nxc3 17. bxc3 Nxa4 18. Bd2 Rfd8 19. Ng4 b5 20. Qg3 Bd6 21.
Qf3 Rf8 22. c4 b4 23. Qd5+ Kh8 24. Bf4 Nb6 25. Qxd6 Qxd6 26. Bxd6 Rfc8 27. Rfe1
Rc6 28. Bf4 a4 29. Ne3 g5 30. Bg3 a3 31. Nf5 h5 32. Ne7 Rcc8 33. Nxc8 Rxc8 34.
Re6 Nd7 35. Rd6 Nf8 36. Rxf6 Nd7 37. Rf5 Re8 38. Kf1 h4 39. Bd6 Rc8 40. Rxg5
Rc6 41. Be5+ Nxe5 42. Rxe5 Kg7 43. Rh5 Rf6+ 44. Ke2 Re6+ 45. Kd2 Rg6 46. Rg1 a2
47. Rxc5 Ra6 48. Rc7+ Kf6 49. Ra1 Kf5 50. Kc1 Rg6 51. Rf7+ Ke5 52. Rf2 Kd4 53.
Rxa2 Rg3 54. Rb2 Kc5 55. Rf5+ Kd4 56. Rxb4 Rxg2 57. c5+ Kc3 58. Rc4# 1-0

[Event "DVM U14w 2016"]
[Site "Düsseldorf GER"]
[Date "2016.12.29"]
[Round "6"]
[White "Jin, Tanja"]
[Black "Wagner, Anna"]
[Result "1-0"]
[Termination "normal"]
[Board "9.2"]
[WhiteElo "1211"]
[BlackElo "1133"]
[WhiteTeam "SC Annaberg-Buchholz"]
[BlackTeam "SK Endingen"]
[PlyCount "139"]
[WhiteFideId "16235355"]
[BlackFideId "12983489"]
[EventCountry "GER"]
[EventRounds "7"]
[EventType "team-swiss"]
[EventDate "2016.12.26"]

1. e4 {[%emt 0:00:00]} c6 2. d4 d5 3. Nc3 dxe4 4. Nxe4 Bf5 5. Nc3 e6 6. Nf3 Bd6
7. Bd3 Bg6 8. O-O Nf6 9. Bg5 Nbd7 10. Re1 O-O 11. Ne4 Bc7 12. Qd2 Re8 13. Rad1
e5 14. dxe5 Bxe5 15. Nxf6+ Bxf6 16. Bxg6 hxg6 17. Rxe8+ Qxe8 18. Qxd7 Rd8 19.
Qxe8+ Rxe8 20. Bxf6 gxf6 21. g3 Re2 22. Rd2 Re4 23. Rd7 Rb4 24. b3 a5 25. c3
Rb5 26. Nd4 Rb6 27. Rd8+ Kg7 28. Rc8 f5 29. c4 Kf6 30. c5 Rb4 31. Rd8 Ke5 32.
Nc2 Rb5 33. Ne1 Ke4 34. Rd7 f6 35. Kg2 Ke5 36. h4 Ke6 37. Rg7 g5 38. hxg5 fxg5
39. Rg6+ Kf7 40. Rxg5 Rxc5 41. g4 Kf6 42. Rxf5+ Rxf5 43. gxf5 Kxf5 44. Kf3 b5
45. Nd3 b4 46. Ke3 Ke6 47. Ke4 Kd6 48. f4 Ke6 49. Nc5+ Kd6 50. Nb7+ Ke6 51.
Nxa5 Kd6 52. f5 c5 53. Nc4+ Ke7 54. Ke5 Kf7 55. Nd6+ Ke7 56. f6+ Kf8 57. Ke6 c4
58. bxc4 b3 59. axb3 Kg8 60. Ke7 Kh7 61. f7 Kh8 62. f8=Q+ Kh7 63. Qf1 Kg6 64.
Qf6+ Kh5 65. Qg7 Kh4 66. Kf6 Kh3 67. Kf5 Kh2 68. Kf4 Kh1 69. Kf3 Kh2 70. Qg2#
1-0

[Event "DVM U14w 2016"]
[Site "Düsseldorf GER"]
[Date "2016.12.29"]
[Round "6"]
[White "Henninger, Claire"]
[Black "Berndt, Christiane"]
[Result "1/2-1/2"]
[Termination "normal"]
[Board "9.3"]
[WhiteElo "1033"]
[BlackElo "1153"]
[WhiteTeam "SK Endingen"]
[BlackTeam "SC Annaberg-Buchholz"]
[PlyCount "124"]
[WhiteFideId "16200659"]
[BlackFideId "16235363"]
[EventCountry "GER"]
[EventRounds "7"]
[EventType "team-swiss"]
[EventDate "2016.12.26"]

1. e4 e5 2. Nf3 Nc6 3. Bc4 Bc5 4. c3 Nf6 5. d3 O-O 6. Bg5 Be7 7. Bxf6 Bxf6 8.
O-O d6 9. h3 a6 10. d4 Re8 11. d5 Ne7 12. b4 Ng6 13. b5 a5 14. a4 Bg5 15. Be2
Bf4 16. Nfd2 Qg5 17. Bg4 Bxd2 18. Qxd2 Nf4 19. Qd1 Rf8 20. Qf3 f5 21. exf5 Bxf5
22. Bxf5 Rxf5 23. Qg4 Qxg4 24. hxg4 Rg5 25. f3 Nxd5 26. c4 Ne3 27. Rc1 Rf8 28.
Ra3 Nxg4 29. fxg4 Rxg4 30. Nd2 Rf6 31. Rf1 Rfg6 32. Rf2 e4 33. Re3 Re6 34. Rfe2
c6 35. Nxe4 Rh4 36. Nd2 Rxe3 37. Rxe3 d5 38. Re8+ Kf7 39. Rb8 dxc4 40. Rxb7+
Kg6 41. bxc6 c3 42. c7 cxd2 43. Rb6+ Kg5 44. Rd6 Rc4 45. Rd7 d1=Q+ 46. Rxd1
Rxc7 47. Rd5+ Kf6 48. Rxa5 Rc1+ 49. Kh2 Ra1 50. Ra8 h5 51. a5 g5 52. a6 h4 53.
a7 Kg7 54. Kh3 Ra5 55. Kg4 Kh7 56. g3 hxg3 57. Kxg3 Kg7 58. Kg4 Kh7 59. Kh5 Kg7
60. Kg4 Kh7 61. Kg3 Kg7 62. Kh3 Kh7 1/2-1/2

[Event "DVM U14w 2016"]
[Site "Düsseldorf GER"]
[Date "2016.12.29"]
[Round "6"]
[White "Schubert, Matthea"]
[Black "Reinbold, Sorah Marie"]
[Result "1/2-1/2"]
[Termination "normal"]
[Board "9.4"]
[WhiteElo "941"]
[BlackElo "1001"]
[WhiteTeam "SC Annaberg-Buchholz"]
[BlackTeam "SK Endingen"]
[PlyCount "104"]
[WhiteFideId "16235371"]
[BlackFideId "12983497"]
[EventCountry "GER"]
[EventRounds "7"]
[EventType "team-swiss"]
[EventDate "2016.12.26"]

1. e4 e5 2. Nf3 Nc6 3. d4 d6 4. dxe5 dxe5 5. Qxd8+ Nxd8 6. Nxe5 Nf6 7. Nc3 Bb4
8. Bd3 O-O 9. O-O Re8 10. Bf4 Nc6 11. Nxc6 bxc6 12. Bxc7 Bxc3 13. bxc3 Bb7 14.
Rab1 Bc8 15. Rfe1 Be6 16. a3 Rac8 17. Bf4 h6 18. e5 Nd5 19. Bd2 Nb6 20. Be3 Nc4
21. Bxa7 Nxa3 22. Ra1 Nb5 23. Be3 Nxc3 24. Bd2 Nd5 25. c4 Nb6 26. c5 Nd7 27.
Bb4 Bd5 28. Bf5 Rcd8 29. Ba5 Nxc5 30. Bxd8 Rxd8 31. Ra3 g6 32. Bc2 Re8 33. f4
h5 34. Rc3 Nd7 35. g3 Kg7 36. Be4 f6 37. Bxd5 cxd5 38. Rc7 Re7 39. exf6+ Kxf6
40. Rxe7 Kxe7 41. Kf2 Kd6 42. Rc8 Ke6 43. Ke3 Kf5 44. Kd4 Kg4 45. Kxd5 Nb6+ 46.
Ke6 Nxc8 47. Kf6 h4 48. Kxg6 hxg3 49. hxg3 Nd6 50. Kf6 Ne4+ 51. Ke5 Nxg3 52. f5
Nxf5 1/2-1/2

[Event "DVM U14w 2016"]
[Site "Düsseldorf GER"]
[Date "2016.12.29"]
[Round "6"]
[White "Kirschner, Elena"]
[Black "Schilay, Maria"]
[Result "0-1"]
[Termination "normal"]
[Board "10.1"]
[WhiteElo "1269"]
[BlackElo "1264"]
[WhiteTeam "SV SF Friedrichshagen"]
[BlackTeam "SK Neumarkt"]
[PlyCount "60"]
[WhiteFideId "16205804"]
[BlackFideId "12942979"]
[EventCountry "GER"]
[EventRounds "7"]
[EventType "team-swiss"]
[EventDate "2016.12.26"]

1. e4 e5 2. Nf3 Nc6 3. Bc4 Nf6 4. d3 Bc5 5. c3 d6 6. Bb3 O-O 7. h3 Qe7 8. O-O
Bb6 9. Nbd2 Be6 10. Bc2 Nd7 11. Re1 f5 12. b4 a6 13. Ba4 Qf6 14. Bxc6 bxc6 15.
a3 f4 16. Qa4 c5 17. b5 a5 18. c4 Qg6 19. Kh1 Qh6 20. Nb3 Rf6 21. Kh2 Qh5 22.
Bd2 Rh6 23. Ng1 g5 24. f3 Qh4 25. Re2 g4 26. fxg4 Bxg4 27. Ree1 Qg3+ 28. Kh1
Kh8 29. Nc1 Rg8 30. Rf1 Bxh3 0-1

[Event "DVM U14w 2016"]
[Site "Düsseldorf GER"]
[Date "2016.12.29"]
[Round "6"]
[White "Burger, Daiana"]
[Black "Fricke, Edna Marlene"]
[Result "0-1"]
[Termination "normal"]
[Board "10.2"]
[WhiteElo "947"]
[BlackElo "1376"]
[WhiteTeam "SK Neumarkt"]
[BlackTeam "SV SF Friedrichshagen"]
[PlyCount "70"]
[WhiteFideId "16217233"]
[BlackFideId "12988839"]
[EventCountry "GER"]
[EventRounds "7"]
[EventType "team-swiss"]
[EventDate "2016.12.26"]

1. e4 {[%emt 0:00:00]} c5 {[%eval 0,0] [%emt 0:00:00]} 2. Nc3 Nc6 3. g3 g6 4.
Bg2 Bg7 5. d3 Nf6 6. h3 e6 7. Be3 d6 8. Qd2 O-O 9. Bh6 Rb8 10. O-O-O a6 11. h4
b5 12. e5 Nxe5 13. Nge2 b4 14. Ne4 Nxe4 15. Bxe4 Qa5 16. Kb1 Ng4 17. Be3 e5 18.
Rdf1 Be6 19. b3 Qa3 20. Qc1 Nxe3 21. fxe3 a5 22. Bc6 Rfc8 23. Ba4 Rd8 24. e4
Bd7 25. g4 Bxa4 26. bxa4 Qxa4 27. g5 Qa3 28. Qd2 a4 29. Nc1 d5 30. Qf2 Rf8 31.
Qxc5 dxe4 32. dxe4 Qc3 33. Qa7 a3 34. Qxf7+ Rxf7 35. Rxf7 Qb2# 0-1

[Event "DVM U14w 2016"]
[Site "Düsseldorf GER"]
[Date "2016.12.29"]
[Round "6"]
[White "Kessen, Fanny"]
[Black "Burger, Radena"]
[Result "1-0"]
[Termination "normal"]
[Board "10.3"]
[WhiteElo "1218"]
[BlackElo "719"]
[WhiteTeam "SV SF Friedrichshagen"]
[BlackTeam "SK Neumarkt"]
[PlyCount "55"]
[WhiteFideId "16217357"]
[BlackFideId "16217241"]
[EventCountry "GER"]
[EventRounds "7"]
[EventType "team-swiss"]
[EventDate "2016.12.26"]

1. e4 {[%emt 0:00:00]} e5 {[%eval 0,0] [%emt 0:00:00]} 2. Nf3 Nf6 3. Bc4 Bc5 4.
d3 h6 5. Nxe5 d6 6. Nxf7 Qe7 7. Nxh8 Be6 8. Bxe6 Qxe6 9. Ng6 Nc6 10. Nf4 Qf7
11. O-O Ne5 12. d4 Bxd4 13. Qxd4 c5 14. Qa4+ Kf8 15. Nc3 Nfg4 16. h3 g5 17.
hxg4 gxf4 18. g3 Qg6 19. Bxf4 Nf3+ 20. Kg2 Qxg4 21. Bxd6+ Kg8 22. Qc4+ Kg7 23.
Rh1 Nd2 24. Be5+ Kg6 25. Qd3 Rf8 26. Qd6+ Kf7 27. Qxd2 Kg8 28. Qd5+ 1-0

[Event "DVM U14w 2016"]
[Site "Düsseldorf GER"]
[Date "2016.12.30"]
[Round "7"]
[White "Rudolph, Eva"]
[Black "Müdder, Melanie"]
[Result "1/2-1/2"]
[Termination "normal"]
[Board "1.1"]
[WhiteElo "1655"]
[BlackElo "1604"]
[WhiteClock "00:02:38"]
[BlackClock "00:03:48"]
[WhiteTeam "Düsseldorfer SK"]
[BlackTeam "SG Solingen"]
[PlyCount "50"]
[WhiteFideId "16200594"]
[BlackFideId "12994103"]
[EventCountry "GER"]
[EventRounds "7"]
[EventType "team-swiss"]
[EventDate "2016.12.26"]

1. e4 {[%clk 1:30:59]} c5 {[%clk 1:30:55]} 2. Nf3 {[%clk 1:31:22]} Nc6 {[%clk
1:31:18]} 3. d4 {[%clk 1:31:04]} cxd4 {[%clk 1:31:40]} 4. Nxd4 {[%clk 1:31:54]}
e5 {[%clk 1:32:00]} 5. Nb5 d6 {[%clk 1:32:13]} 6. c4 {[%clk 1:26:02]} Be7
{[%clk 1:32:35]} 7. N1c3 {[%clk 1:24:40]} a6 {[%clk 1:32:38]} 8. Na3 {[%clk
1:24:31]} f5 {[%clk 1:32:04]} 9. Bd3 {[%clk 1:18:29]} f4 {[%clk 1:32:00]} 10.
Nc2 {[%clk 1:16:03]} Nf6 {[%clk 1:29:38]} 11. O-O {[%clk 1:14:21]} O-O {[%clk
1:27:32]} 12. b3 {[%clk 1:09:20]} Qe8 {[%clk 1:25:33]} 13. Ba3 {[%clk 1:05:32]}
Qg6 {[%clk 1:16:53]} 14. Kh1 {[%clk 0:55:06]} f3 {[%clk 0:38:50]} 15. gxf3
{[%clk 0:32:42]} Nh5 {[%clk 0:30:50]} 16. Rg1 {[%clk 0:28:01]} Qf7 {[%clk
0:28:58]} 17. Be2 {[%clk 0:26:25]} Nf4 {[%clk 0:28:13]} 18. Nd5 {[%clk
0:16:10]} Nh3 {[%clk 0:15:57]} 19. Nxe7+ {[%clk 0:12:42]} Nxe7 {[%clk 0:14:24]}
20. Rf1 {[%clk 0:11:41]} Ng6 {[%clk 0:12:03]} 21. Ne3 {[%clk 0:10:16]} Ngf4
{[%clk 0:09:57]} 22. Nd5 {[%clk 0:09:05]} Qe6 {[%clk 0:05:26]} 23. Bc1 {[%clk
0:07:30]} Qh6 {[%clk 0:04:37]} 24. Bxf4 {[%clk 0:02:36]} Nxf4 {[%clk 0:04:48]}
25. Nxf4 {[%clk 0:02:38]} Rxf4 {[%clk 0:03:48]} 1/2-1/2

[Event "DVM U14w 2016"]
[Site "Düsseldorf GER"]
[Date "2016.12.30"]
[Round "7"]
[White "Berelowitsch, Dana"]
[Black "Sokolowski, Judith"]
[Result "1-0"]
[Termination "normal"]
[Board "1.2"]
[WhiteElo "1458"]
[BlackElo "1527"]
[WhiteClock "00:41:06"]
[BlackClock "00:09:02"]
[WhiteTeam "SG Solingen"]
[BlackTeam "Düsseldorfer SK"]
[PlyCount "57"]
[WhiteFideId "12977144"]
[BlackFideId "16200624"]
[EventCountry "GER"]
[EventRounds "7"]
[EventType "team-swiss"]
[EventDate "2016.12.26"]

1. e4 {[%clk 1:30:59]} c5 {[%clk 1:30:52]} 2. Nf3 {[%clk 1:31:23]} e6 {[%clk
1:31:15]} 3. c3 {[%clk 1:31:46]} a6 {[%clk 1:27:26]} 4. d4 {[%clk 1:31:45]}
cxd4 {[%clk 1:26:07]} 5. cxd4 {[%clk 1:31:58]} d6 {[%clk 1:20:42]} 6. Nc3
{[%clk 1:32:09]} Be7 {[%clk 1:19:28]} 7. Bd3 {[%clk 1:31:43]} Nf6 {[%clk
1:18:25]} 8. O-O {[%clk 1:31:26]} Nc6 {[%clk 1:15:09]} 9. Be3 {[%clk 1:30:17]}
O-O {[%clk 1:12:57]} 10. Rc1 {[%clk 1:30:10]} Nb4 {[%clk 1:06:12]} 11. Bb1
{[%clk 1:30:12]} Nc6 {[%clk 1:03:28]} 12. a3 {[%clk 1:28:23]} Bd7 {[%clk
0:56:14]} 13. Qd3 {[%clk 1:25:23]} e5 {[%clk 0:51:52]} 14. Nd5 {[%clk 1:22:31]}
Ng4 {[%clk 0:46:37]} 15. Bd2 {[%clk 1:19:22]} Rc8 {[%clk 0:43:23]} 16. h3
{[%clk 1:17:30]} Nf6 {[%clk 0:42:49]} 17. Bc3 {[%clk 1:15:53]} g6 {[%clk
0:35:30]} 18. Qe3 {[%clk 1:09:49]} Nxd5 {[%clk 0:29:21]} 19. exd5 {[%clk
1:09:59]} exd4 {[%clk 0:28:47]} 20. Nxd4 {[%clk 1:08:18]} Nxd4 {[%clk 0:28:31]}
21. Qxd4 {[%clk 1:07:47]} f6 {[%clk 0:28:00]} 22. h4 {[%clk 1:04:22]} Kf7
{[%clk 0:21:13]} 23. Rfe1 {[%clk 0:59:07]} Rg8 {[%clk 0:19:44]} 24. Re3 {[%clk
0:54:44]} f5 {[%clk 0:17:01]} 25. Rce1 {[%clk 0:43:19]} Bf6 {[%clk 0:14:22]}
26. Qf4 {[%clk 0:41:36]} Qb6 {[%clk 0:09:06]} 27. Bxf6 {[%clk 0:41:00]} Kxf6
{[%clk 0:09:31]} 28. Qg5+ {[%clk 0:41:03]} Kg7 {[%clk 0:09:02]} 29. Re7+ {[%clk
0:41:06]} 1-0